书目信息 |
| 题名: |
同学少年都不贱
|
|
| 作者: | 张爱玲 著 | |
| 分册: | ||
| 出版信息: | 天津 天津人民出版社 2004 |
|
| 页数: | 205页 | |
| 开本: | 21cm | |
| 丛书名: | 新经典文库 | |
| 单 册: | ||
| 中图分类: | I217.02 | |
| 科图分类: | ||
| 主题词: | 中篇小说--中国--现代 , 文学--中国--现代--选集 , 中篇小说 , 文学 | |
| 电子资源: | ||
| ISBN: | 7-201-04683-7 | |
| 000 | 00912oam2 2200289 450 | |
| 001 | 012007196860 | |
| 005 | 20070605142105.68 | |
| 010 | @a7-201-04683-7@dCNY20.00 | |
| 100 | @a20070601d2004 km y0chiy0120 ea | |
| 101 | 0 | @achi |
| 102 | @aCN@b120000 | |
| 105 | @aa z 000zy | |
| 106 | @ar | |
| 200 | 1 | @a同学少年都不贱@Atong xue shao nian dou bu jian@f张爱玲著@Fzhang ai ling zhu |
| 210 | @a天津@c天津人民出版社@d2004 | |
| 215 | @a205页@c图,照片@d21cm | |
| 225 | 2 | @a新经典文库@i大师名作坊 |
| 330 | @a本书为张爱玲从未发表过的中篇小说,讲述两个女孩的故事。该作品秉承张爱玲一贯的文风,人物饱满,情节婉转,大雅大俗,非常耐读。 | |
| 461 | 0 | @12001 @a新经典文库 |
| 606 | 0 | @a中篇小说@y中国@z现代 |
| 606 | 0 | @a文学@y中国@z现代@j选集 |
| 606 | 0 | @a中篇小说 |
| 606 | 0 | @a文学 |
| 690 | @aI217.02@v4 | |
| 701 | 0 | @a张爱玲@Azhang ai ling@4著 |
| 801 | 0 | @aCN@bRULIN@c20070605 |
| 905 | @dI217.02@e553@s8 | |
| 同学少年都不贱/张爱玲著.-天津:天津人民出版社,2004 |
| 205页:图,照片;21cm.-(新经典文库.大师名作坊) |
| ISBN 7-201-04683-7:CNY20.00 |
| 本书为张爱玲从未发表过的中篇小说,讲述两个女孩的故事。该作品秉承张爱玲一贯的文风,人物饱满,情节婉转,大雅大俗,非常耐读。 |
| ● |
| 相关链接 |
|
|
|
|
正题名:同学少年都不贱
索取号:I217.02/553
 
预约/预借
| 序号 | 登录号 | 条形码 | 馆藏地/架位号 | 状态 | 备注 |
| 1 | 0581933 | 205819337 | 第一样本阅览室/ [索取号:I217.02/553] | 在馆 | |
| 2 | 0581934 | 205819346 | 第二借阅区/ [索取号:I217.02/553] | 在馆 | |
| 3 | 0581935 | 205819355 | 第二借阅区/ [索取号:I217.02/553] | 在馆 | |
| 4 | 0581936 | 205819364 | 第二借阅区/ [索取号:I217.02/553] | 在馆 | |
| 5 | 0581937 | 205819373 | 第二借阅区/ [索取号:I217.02/553] | 在馆 | |
| 6 | 0581938 | 205819382 | 第二借阅区/ [索取号:I217.02/553] | 在馆 | |
| 7 | 0581939 | 205819391 | 第二借阅区/ [索取号:I217.02/553] | 在馆 | |
| 8 | 0581940 | 205819408 | 第二借阅区/ [索取号:I217.02/553] | 在馆 |